| Tag |
First Indicator |
Second Indicator |
Subfields |
| LEADER |
00000cam a2200000Ia 4500 |
| 001 |
in00002787824 |
| 005 |
20151202171722.0 |
| 008 |
121207s2012 nyu 000 1 eng |
| 010 |
|
|
|a 2012010779
|
| 020 |
|
|
|a 9780385350280
|
| 020 |
|
|
|a 0385350287
|
| 035 |
|
|
|a (OCoLC)ocn820566682
|
| 040 |
|
|
|a IEP
|c IEP
|d IEP
|d YDXCP
|d OCLCO
|d UtOrBLW
|
| 043 |
|
|
|a n-us-pa
|
| 049 |
|
|
|a TXAM
|
| 050 |
0 |
0 |
|a PS3613.A82847
|b T76 2012
|
| 082 |
0 |
0 |
|a 813/.6
|2 23
|
| 090 |
|
|
|a PS3613.A82847
|b T84 2012
|
| 100 |
1 |
|
|a Mathis, Ayana.
|
| 245 |
1 |
4 |
|a The twelve tribes of Hattie /
|c Ayana Mathis.
|
| 250 |
|
|
|a 1st ed.
|
| 264 |
|
1 |
|a New York :
|b Alfred A. Knopf,
|c 2012.
|
| 300 |
|
|
|a 243 pages ;
|c 25 cm.
|
| 336 |
|
|
|a text
|b txt
|2 rdacontent
|
| 337 |
|
|
|a unmediated
|b n
|2 rdamedia
|
| 338 |
|
|
|a volume
|b nc
|2 rdacarrier
|
| 650 |
|
0 |
|a African American women
|v Fiction.
|
| 650 |
|
0 |
|a African American families
|z Pennsylvania
|z Philadelphia
|v Fiction.
|
| 650 |
|
0 |
|a African Americans
|x Migrations
|x History
|y 20th century
|v Fiction.
|
| 655 |
|
7 |
|a Historical fiction.
|2 gsafd
|
| 655 |
|
7 |
|a Domestic fiction.
|2 lcgft
|
| 948 |
|
|
|a cataloged
|b h
|c 2012/12/13
|d c
|e ceaton
|f 1:34:39 pm
|
| 994 |
|
|
|a C0
|b TXA
|
| 999 |
|
|
|a MARS
|
| 999 |
f |
f |
|s f0103900-68f1-32fe-93bd-205cfd0c9814
|i b75cf13e-1433-38c7-8dc3-e907f7e12258
|t 0
|
| 952 |
f |
f |
|p normal
|a Texas A&M University
|b College Station
|c Sterling C. Evans Library
|d Evans: Library Stacks
|t 0
|e PS3613.A82847 T84 2012
|h Library of Congress classification
|i unmediated -- volume
|m A14841623296
|
| 998 |
f |
f |
|a PS3613.A82847 T84 2012
|t 0
|l Evans: Library Stacks
|